000 00355pam a2200157a 44500
008 230515b1990 xxu||||| |||| 00| 0 eng d
020 _aNULL
041 _aENGLISH
082 _aN.D.
100 _aMithal G. K.
245 _aElectronic Devices & Circuits
250 _a0
260 _aNULL
_bKhanna Publisher
_c1990
300 _a768
650 _aNULL
999 _c569936
_d569936